01332nam a2200289 a 4500001001000000005001700010041000800027044000800035084002100043100004500064245013500109260008500244300001700329440002400346500015300370500011500523500003600638500001100674546002400685650005200709650005600761650003400817650004500851700004900896700004700945740005000992BRCA_340620190320204251.0 aeng aenk a695b.D468c19271 aCervantes Saavedra, Miguel ded1547-161610aThe History of Don Quixote de la ManchacBy Miguel de Cervantes Saavedra ; Translated by Motteux ; Introduction by J. G. Lockhart. aLondres : Toronto : Nueva YorkbJ. M. Dent and Sons : E. P. Dutton and Co.c1927 a2 v.c18 cm. 0aEveryman´s Library aContenido : v.1. Primera parte. Introducción por J. G. Lockhart. Prólogo de Cervantes. 1927. -- v.2. Segunda parte. Prólogo de Cervantes. 1925 aReimpresión de la traducción de Motteux, publicada en 1910, por los mismos editores. Tela Lúdovik Osterc aCon ex-libris de : C. B. Drover aQM1150 aTexto en : inglés14aNovela españolayÉpoca clásica, 1500-170014aLiteratura españolayÉpoca clásica, 1500-170014aNovela españolaySiglo XVII14aDon Quijote (Personaje ficticio)eNovela1 aMotteux, Peter Anthonyd1663-1718eTraductor1 aLockhart, John Gibsond1794-1854eAnotador0 aEl Ingenioso Hidalgo Don Quijote de la Mancha